000 02222nam a2200469 a 4500
003 BLK
005 20230530133133.0
008 180412b bul|||||r ||||||| ||bul||
010 _aKNG00001588000
040 _aBLK
041 _aBUL
_cBUL
072 7 _2bullib
_aЛ01
_xЗаболявания
080 _aБолести на храносмилателната система. Общи въпроси
_b616.3
_x(035)
_z616.3(035)
080 _aЛекарствени средства от растителен произход. Подразделя се със знак за отношение :582; :633/635; :665.3
_b615.322
_x(035)
_z615.322(035)
100 1 _aТребен, Мария
_eпърви автор
_9131153
139 _aТребен, Мария
_bТ 81
245 1 0 _aБолести на стомаха и червата
_bПредпазване - диагноза - лечение
_cМария Требен; прев. от нем. Аделина Панайотова.
257 _aAUT
260 _bБонкомерс
_c1994
_fВраца : Полипринт
_aБерковица
300 _a84 с., 4 л.
_bцв. ил.
_c24 см
380 _a61
490 _aДа бъдем здрави с Мария Требен
_9202558
500 _aОриг. загл. Magen- und Darmkrankheiten ; 20 000 тир.- Съдържа и В памет на Мария Требен ; Бълг.-лат. речник на лечебните растения.
650 4 _aСтомашно-чревни болести - профилактика и фитотерапия - наръчници и ръководства
_9243258
650 4 _aБилкарство - наръчници и ръководства
_9242384
653 _aболести
653 _aстомах
653 _aфитотерапия
653 _aчерва
659 _aЛ
700 1 _aПанайотова, Аделина
_eпрев. от нем.
_9243257
852 _aЦб 176013
_bЦб
856 4 _qpdf
_u
856 4 _qpdf
_u
942 _cKNG
_n0
944 _aCR
_c15.01.2003
_kИрена_Линкова
944 _aED
_c12.11.2011
999 _c901
_d901
999 _d901
999 _d901
999 _d901
999 _d901